|
|
|
|
| LEADER |
00000nas a2200000 a 4500 |
| 001 |
ssj0012238 |
| 003 |
WaSeSS |
| 005 |
20200512172242.0 |
| 006 |
m d |
| 007 |
cr n |
| 008 |
960319c19909999nyumr pss o 0 0eng c |
| 010 |
|
|
|a sn 96030092
|
| 022 |
|
|
|l 1051-340X
|y 1051-340X
|
| 035 |
|
|
|a (WaSeSS)ssj0012238
|
| 040 |
|
|
|a GUA
|b eng
|c GUA
|d OCL
|d NYS
|d OCLCQ
|d IUL
|d NSD
|d OCLCQ
|d OCLCO
|d OCLCQ
|d OCLCF
|d OCLCO
|d OCLCQ
|d ZYU
|d CUS
|d VT2
|d OCL
|d ZYU
|d WaSeSS
|
| 042 |
|
|
|a pcc
|
| 043 |
|
|
|a n-us-ny
|
| 050 |
1 |
4 |
|a AP92
|
| 130 |
0 |
|
|a Forṿerṭs.
|l English (Online)
|
| 245 |
1 |
0 |
|a Forward
|h [electronic resource] =
|b Forṿerṭs.
|
| 246 |
3 |
1 |
|a Forṿerṭs
|
| 260 |
|
|
|a New York :
|b Forward Pub. Co.
|
| 260 |
3 |
|
|3 <June 30, 2017- >:
|a New York, N.Y. :
|b Forward Association, Inc.
|
| 310 |
|
|
|a Monthly,
|b July 2017-
|
| 321 |
|
|
|a Weekly,
|b -June 30, 2017
|
| 362 |
1 |
|
|a Print began with: Vol. 94, no. 30,768 (May 25, 1990).
|
| 500 |
|
|
|a Editor: Jane Eisner, 2008-2019; Jodi Rudoren, 2019-
|
| 506 |
|
|
|a License restrictions may limit access.
|
| 538 |
|
|
|a Mode of access: World Wide Web.
|
| 580 |
|
|
|a Print issues ceased in spring 2019.
|
| 588 |
|
|
|a Description based on: Mar. 1, 1996; title from title screen.
|
| 588 |
|
|
|a Latest issue consulted: Jan. 18, 2019.
|
| 650 |
|
0 |
|a Jewish newspapers
|z New York (State)
|z New York.
|
| 650 |
|
0 |
|a Jews
|z New York (State)
|z New York
|v Periodicals.
|
| 650 |
|
7 |
|a Jewish newspapers.
|2 fast
|0 (OCoLC)fst00982872
|
| 650 |
|
7 |
|a Jews.
|2 fast
|0 (OCoLC)fst00983135
|
| 651 |
|
0 |
|a New York (N.Y.)
|v Newspapers.
|
| 651 |
|
0 |
|a New York County (N.Y.)
|v Newspapers.
|
| 651 |
|
7 |
|a New York (State)
|z New York.
|2 fast
|0 (OCoLC)fst01204333
|
| 651 |
|
7 |
|a New York (State)
|z New York County.
|2 fast
|0 (OCoLC)fst01234953
|
| 655 |
|
0 |
|a Electronic journals.
|
| 700 |
1 |
|
|a Rudoren, Jodi.
|
| 700 |
1 |
|
|a Eisner, Jane.
|
| 710 |
2 |
|
|a Forward Association.
|
| 752 |
|
|
|a United States
|b New York
|c New York
|d New York.
|
| 776 |
0 |
8 |
|i Print version, -2018/19:
|t Forṿerṭs. English
|g 1990-2019
|x 1051-340X
|w (DLC)sn 90003159
|w (OCoLC)21929953
|
| 850 |
|
|
|a GU
|
| 856 |
4 |
0 |
|z Full text available from Research Library: 01/07/1994 to 04/30/2019
|u https://search.proquest.com/publication/26378
|